Les pays qui n'ont pas eu de club vainqueur de la Ligue des Champions - Statistiques

Statistiques générales
  • Ce quiz a été pris 83 fois
  • Le résultat moyen est 34 sur 44
Statistiques - réponses
Meilleur Parcours Pays % Correct
Finale Suède
94%
Demi-Finales Russie
93%
1er Tour Albanie
92%
Huitièmes de Finale Suisse
92%
Huitièmes de Finale Danemark
90%
2ème Tour de qualification Irlande
89%
Quarts de Finale Norvège
89%
Phase de Groupes Slovénie
89%
Phase de Groupes Finlande
87%
Finale Belgique
86%
1er Tour de qualification Estonie
86%
Finale Grèce
86%
2ème Tour de qualification Andorre
85%
Demi-Finales Autriche
85%
Phase de Groupes Croatie
85%
2ème Tour de qualification Lituanie
85%
Phase de Groupes Slovaquie
85%
Demi-Finales Turquie
85%
3ème Tour de qualification Lettonie
83%
Demi-Finales Pologne
82%
Demi-Finales Ukraine
82%
Demi-Finales Bulgarie
80%
Quart de Finale Chypre
80%
Quarts de Finale Hongrie
80%
2ème Tour de qualification Malte
80%
Phase de Groupes Bielorussie
79%
3ème Tour de qualification Luxembourg
79%
1er Tour de qualification Liechtenstein
77%
1er Tour de qualification Kosovo
76%
2ème Tour de qualification Macédoine du Nord
75%
Quarts de Finale République Tchèque
75%
Phase de Groupes Moldavie
73%
1er Tour Islande
72%
2ème Tour de qualification Monténégro
70%
Phase de Groupes Israël
69%
1er Tour de qualification Saint Marin
69%
Premier Tour Bosnie Herzégovine
68%
2ème Tour de qualification Arménie
66%
Quarts de Finale Géorgie
66%
Phase de Groupes Azerbaïdjan
59%
Quarts de Finale Irlande du Nord
52%
Phase de Groupes Kazakhstan
46%
1er Tour de qualification Gibraltar
39%
1er Tour de qualification Iles Feroé
32%
Aucun quiz correspondant
Distribution des résultats
% des personnes avec chaque résultat
Percentile par nombre de réponses
Votre historique - résultats
Vous n’avez pas pris ce quiz